Business under fire : how Israeli companies are succeeding in the face of terror-and what we can learn from them

Bibliographic Details
Main Author: Carrison, Dan
Format: Book
Published: New York : AMACOM , 2004
Subjects:

MARC

LEADER 00000cam a2200000 7i4500
001 0000029001
005 20100202.0
008 100202
020 |a 0814408397 
090 0 0 |a 658.473   |b CAR 
100 1 |a Carrison, Dan 
245 1 0 |a Business under fire :   |b how Israeli companies are succeeding in the face of terror-and what we can learn from them   |c Dan Carrison 
260 |a New York :   |b AMACOM ,   |c 2004 
650 0 |a Corporations   |z Israel   |x security measures 
650 0 |a Executives   |z Israel   |x interviews 
650 0 |a Israel   |x economic conditions 
650 0 |a Terrorism   |z Israel   |x prevention 
999 |a 0001081511   |b Book   |c Adult Collection   |e Perbadanan Perpustakaan Awam Johor